000 00498 a2200205 4500
005 20240517141830.0
010 _aB-759102
020 _a9789354714443
_c399.00
035 _aB-759102
037 _bGift
082 _aN
100 _aEvans, Maz
_966354
245 _aVI Spy Licence To Chill/
_cMaz Evans
260 _aUK
_bChicken House
_c2022
270 _aUK
_bUK
300 _a327 p.
_c19cm (Pb)
700 _966330
942 _adpl
_cCH
_2ddc
_hN
_mEVA
999 _c202952
_d202952